|
|
|
|
| LEADER |
00991pmm a22003378a 4500 |
| 001 |
00032706 |
| 005 |
20171026081025.0 |
| 008 |
141104s2012 ||||||viesd |
| 041 |
0 |
# |
|a vie
|
| 082 |
1 |
4 |
|a 786.2
|b NH101S
|
| 245 |
0 |
0 |
|a Nhạc sĩ thiên tài và những bài tập piano quen thuộc tập 1
|h nguồn liệu điện tử]
|
| 260 |
# |
# |
|a Hà Nội
|b Âm nhạc
|c 2012
|
| 300 |
# |
# |
|a 1 CD
|c 4 3/4 inch,
|e kèm sách
|
| 653 |
# |
# |
|a Bài tập
|
| 653 |
# |
# |
|a Đĩa CD
|
| 653 |
# |
# |
|a Âm nhạc
|
| 653 |
# |
# |
|a Tác phẩm
|
| 653 |
# |
# |
|a Piano
|
| 653 |
# |
# |
|a Nhạc không lời
|
| 653 |
# |
# |
|a Nhạc sĩ
|
| 852 |
# |
# |
|b Kho đa phương tiện
|j DPT.0002775, DPT.0002778, DPT.0002785
|
| 852 |
# |
# |
|j DPT.0002778
|j DPT.0002785
|j DPT.0002775
|
| 910 |
|
|
|d 4/11/2014
|
| 980 |
# |
# |
|a Trung tâm Học liệu Lê Vũ Hùng, Trường Đại học Đồng Tháp
|